000 03235nam a2200445 i 4500
001 163110
003 ES-MaACL
005 20260504131005.0
008 931025s1767 fr f e 001 0 fre d
245 0 0 _aRecueil de planches, sur les sciences, les arts libéraux, et les arts méchaniques, avec leur explication ; cinquieme volume, 248 planches.
260 _aA Paris :
_bchez Briasson, chez David, chez Le Breton,
_c1767.
300 _a[6], 8, 16 p., V, II, III, II, III, II, V, III, [I], II, II, II, V, [III], VI, [I], IV, VI, II, XXVI, I, II, II, I, III, V, III h. de grab., 17 p., XXV h. de grab., 8 p., VIII h. de grab., [1] p., VI h. de grab., [1] p., III h. de grab., 9 p., VIII [i.e. IX] h. de grab., [1] p., III h. de grab., 3 p., II h. de grab., [1] p., III, II h. de grab., [1] p., III h. de grab., [1] p., II h. de grab., [1] p., IV h. de grab., 7 p., XI, XXII [i.e. XXIII] h. de grab., [1] p., II h. de grab., 1 p., XIV h. de grab., 1 p., XIII [i.e. XIV] h. de grab. ;
_cFol.
500 _aVéase además: Encyclopédie ou dictionnaire raisoné des sciences, des arts et des métiers... Paris, Briasson, 1751-1761.
505 8 _aContiene : 248 planches Sciences mathématiques : Géometrie, Trigonométrie, Arpentage et nivellement. Algébre. Sections coniques Analyse. Méchanique. Hydrostatique. Hydrodinamique et Hydraulique. Optique. Perspective. Astronomie. Géographie. Construction. Gnomonique. Navigation. Fabrication des instruments de Mathématique. Physique. Pneumotique. Arts méchaniques : Fonderies des canons, mortiers, etc. Fonte de cloches. Fonte de l'or. Fonte de la dragée ou plomb à giboyer, a l'eau et moulée. Gravure en talle douce, gravure en pierres fines, Gravure en lettres, Gravure en médailles, Gravure en cachets, Gravure en bois. Layetier. Lunettier. Lutherie. Marbreur. Marbreire. Papeterie.
530 _aDisponible en formato digital.
597 _aSign. irregular.
597 _aTexto a dos col.
597 _aAntep.
597 _aPort. con grab. xil.
599 _aLas h. de grab. calc.: "Goussier Del.", "Bernard Fecit", "Prevost Del.", "Boucher Fils. Del.", "Aubin Scrip. et Sculp." y "Lucotte Del."
630 0 4 _aEncyclopédie ou Dictionnaire raisonné des sciences, des arts et des métiers-
_vIlustraciones
_9121148
650 7 _aGrabado francés
_2embne
_9162674
650 4 _aEnciclopedias.
_912235
700 1 _aBriasson, Antoine-Claude.
_9126164
700 1 _aDavid, Michel-Étienne, l'ainé.
_9126708
700 1 _aLe Breton, André-François
_9128771
700 1 _aGoussier, Louis-Jacques (
_d1722-1799)
_9153983
700 1 _aBénard, Robert,
_d1734-17..
_9153984
700 1 _aPrevost.
_9131359
700 1 _aBoucher.
_9126101
700 1 _aAubin.
_9125743
700 1 _aLucotte, Jean Raymond,
_d1733?-1804
_9165220
740 0 2 _aDictionnaire des sciences.
740 2 2 _aL'Encyclopédie Diderot et d'Alembert.
752 _aFrancia -
_dParís
852 4 _aES-MaACL
_jR-2131
_z- Enc. pasta con hierros dorados
_z- Ex-libris del duque de Hyjar
_d- Olim: C-10427
856 4 _uhttps://www.biodiversitylibrary.org/page/44328593
_zEuropeana
856 _uhttps://www.biodiversitylibrary.org/page/47544200
_zEuropeana
999 _c163110
_d163110